• 首页
  • 本馆介绍
  • 公告通知
  • 最新文献
  • 馆藏检索
  • 电子资源
  • 读者导购
  • 参考咨询
  • 我的图书馆
  • 登录
  • 详细信息显示
  • 放入我的书架
  • 预约/预借图书
  • 作者相关作品
  • 分类相关作品
  • 丛书相关作品
  • 出版社相关作品

书目信息

  • 表格格式
  • 工作单格式
  • 卡片格式
题名:
光全息学及其应用
    
 
作者: 于美文 著
分册:  
出版信息: 北京   北京理工大学出版社  1996
页数: 560页
开本: 20cm
丛书名:
单 册:
中图分类: O438.1
科图分类:
主题词: 光学
电子资源:
ISBN: 7-81045-116-2
000 00519nam0 2200181 450
001 0735592734
005 20070906095312.73
010    @a7-81045-116-2@d¥21.00
100    @a20070906d km y0chiy0120 ea
101 0  @achi
200 1  @a光全息学及其应用@Aguang quan xi xue ji qi ying yong@f于美文著@Fyu mei wen zhu
210    @a北京@c北京理工大学出版社@d1996
215    @a560页@d20cm
606 0  @a光学
690    @aO438.1@v3
701  0 @a于美文@Ayu mei wen@4著
801  0 @aCN@bPFT@c20070906
905    @a213230@dO438.1@eP16@f1
    
    光全息学及其应用/于美文著.-北京:北京理工大学出版社,1996
    560页;20cm
    
    
    ISBN 7-81045-116-2:¥21.00
    
●
相关链接 在E读中查询图书 在五车中查询图书 在当当中查询图书 在豆瓣中查询图书


正题名:光全息学及其应用     索取号:O438.1/P16         预约/预借

序号 登录号 条形码 馆藏地/架位号 状态 备注
1 7200449   272004494   密集书库-物理学院/ [索取号:O438.1/P16] 在馆    
2 7200450   272004500   密集书库-物理学院/ [索取号:O438.1/P16] 在馆    
唐山师范学院图书馆 欢迎您!
大连网信软件有限公司© 版权所有